| 000 | 00596nam a2200181 4500 | ||
|---|---|---|---|
| 001 | 135793 | ||
| 003 | ES-MaACL | ||
| 005 | 20250820142500.0 | ||
| 007 | t| | ||
| 008 | 070214s1936 sp r ||||1| spa d | ||
| 100 | 1 |
_aRuiz de Arcaute, Agustín. _9100724 |
|
| 245 | 1 | 0 |
_aJuan Herrera, arquitecto de Felipe II / _cpor Agustín Ruiz de Arcaute ; prólogo de D. Teodoro Anasagasti. |
| 260 |
_aMadrid : _bEspasa-Calpe, _c1936. |
||
| 300 |
_a198 p., 20 lám. ; _c25 cm. |
||
| 700 | 1 |
_aAnasagasti, Teodoro de, _d1880-1938 _921375 |
|
| 852 |
_aES-MaACL _jB-10364 _bR.21789 |
||
| 999 |
_c135793 _d135793 |
||